| 000 | 00962nas a2200265 i 4500 | ||
|---|---|---|---|
| 001 | 2018 | ||
| 003 | ES-MaACL | ||
| 005 | 20250828062529.0 | ||
| 007 | t| | ||
| 008 | 950801c1940 sp | | 1 ||pa d | ||
| 080 | _a460 | ||
| 245 | 0 | 0 |
_aRevista de la Universidad de Oviedo / _cdir. Teodoro González García. |
| 260 |
_aOviedo : _b[Imp. de la Cruz], _c1940- |
||
| 300 |
_a17 v. ; _c24 cm. |
||
| 310 | _aTrimestral | ||
| 362 | 0 | _aAño I (mar. 1940)- | |
| 500 | _aNo se publicó la Sección de la Facultad de Ciencias en 1948. | ||
| 500 | _aNo se publicó la Sección de la Facultad de Filosofía y Letras en 1951. | ||
| 650 | 7 |
_aEducación _2embne _912073 |
|
| 700 | 1 |
_aGonzález García, Teodoro, _edir. _958661 |
|
| 785 | 0 | 6 |
_aRevista de la Universidad de Oviedo : Facultad de Derecho, Facultad de Filosofía y Letras, y Facultad de Ciencias _d1944 |
| 852 |
_aES-MaACL _jHem-915 |
||
| 866 | 0 | _o1940(1941f.n.5)1942-51,1953-60. | |
| 999 |
_c2018 _d2018 |
||